| 000 | 00585nam a2200241 a 4500 | ||
|---|---|---|---|
| 001 | 0001-1301 | ||
| 003 | ELIB.Books | ||
| 008 | 150707 2010 eng | ||
| 020 | _a0837818273 | ||
| 035 | _a(ELIB.Books)0001-1456 | ||
| 092 |
_a242 _bScu |
||
| 100 | _aSchuller, Robert. | ||
| 245 | _aYou are Wonderful | ||
| 260 |
_aWaco _bWord Books _c1982 |
||
| 300 |
_a60 _c20.5 Cm |
||
| 500 | _aLibrary | ||
| 650 | _aDevotional Literature | ||
| 856 |
_nKBTS: Library _uKBTS: Elib |
||
| 942 |
_2ddc _cBK |
||
| 990 | _a1 | ||
| 998 |
_cbat _e2015-07-07 |
||
| 999 |
_c11301 _d11301 |
||